大阪市内の筋と通 - Statistics

General Stats
  • This quiz has been taken 239 times
  • The average score is 11 of 47
Answer Stats
Answer % Correct
御堂筋
98%
堺筋
81%
谷町筋
69%
今里筋
59%
四つ橋筋
58%
なにわ筋
55%
千日前通
54%
長堀通
51%
天神橋筋
41%
新御堂筋
38%
中央大通
34%
松屋町筋
31%
本町通
28%
上町筋
24%
新なにわ筋
23%
あびこ筋
22%
あみだ池筋
21%
大正通
21%
玉造筋
20%
土佐堀通
17%
南港通
17%
あべの筋
16%
長居公園通
16%
城北公園通
15%
淀川通
14%
鶴見通
13%
中之島通
12%
都島通
12%
天満橋筋
12%
みなと通
10%
十三筋
10%
内環状線
10%
北港通
9%
勝山通
9%
住之江通
8%
松虫通
6%
扇町通
6%
此花通
6%
大浪通
5%
みてじま筋
4%
花博通
4%
城見通
4%
長居公園東筋
4%
城北筋
3%
姫島通
3%
海岸通
3%
大和川通
3%
No matching quizzes found
Score Distribution
Percent of People with Each Score
Percentile by Number Answered
Your Score History
You have not taken this quiz